Podniková kombinácia ako faktor optimalizácie vplyvu finančnej inštitúcie na jej kapitálovú primeranosť

Výška kapitálovej primeranosti finančných inštitúcií je dôležitá pri určovaní ich bezproblémového fungovania v budúcnosti. Kapitálová primeranosť je ukazovateľom finančnej sily a dôveryhodnosti finančných inštitúcií. K hlavným ukazovateľom, ktoré ovplyvňujú kapitálovú primeranosť finančných inštitúc...

Ausführliche Beschreibung

Gespeichert in:
Bibliographische Detailangaben
1. Verfasser: Katríková, Daniela
Format: Buchkapitel
Sprache:Slowakisch
Schlagworte:
Tags: Tag hinzufügen
Keine Tags, Fügen Sie das erste Tag hinzu!

MARC

LEADER 00000nla a2200000 4500
001 0224690
005 20240502073659.5
041 0 |a slo 
044 |a SK 
245 1 0 |a Podniková kombinácia ako faktor optimalizácie vplyvu finančnej inštitúcie na jej kapitálovú primeranosť  |c Daniela Katríková 
520 |a Výška kapitálovej primeranosti finančných inštitúcií je dôležitá pri určovaní ich bezproblémového fungovania v budúcnosti. Kapitálová primeranosť je ukazovateľom finančnej sily a dôveryhodnosti finančných inštitúcií. K hlavným ukazovateľom, ktoré ovplyvňujú kapitálovú primeranosť finančných inštitúcií, patrí vlastné imanie a rizikovo vážené aktíva. Uvedené faktory nie sú jedinými faktormi, ktoré dokážu ovplyvňovať kapitálovú primeranosť bánk. Jedným z nich je aj podniková kombinácia, ktorú IFRS 3 Podnikové kombinácie (2008) definuje ako transakciu, v rámci ktorej nadobúdateľ dosiahne ovládanie jedného alebo viacerých podnikov. 
610 2 0 |a primeranosť kapitálová 
610 2 0 |a závierka účtovná 
610 2 0 |a závierka účtovná konsolidovaná 
610 2 0 |a kontrola finančná 
610 2 0 |a organizácie finančné 
100 1 |a Katríková, Daniela